Návrh opatrení na zlepšenie systému hodnotenia zamestnancov v podmienkach MONTOSTROJ a.s.

Enregistré dans:
Détails bibliographiques
Auteur principal: Agnerová, Simona (Auteur)
Autres auteurs: Koltnerová, Kristína (Directeur de thèse)
Format: Manuscrit Livre
Langue:slovaque
Publié: 2016
Sujets:
Accès en ligne:http://is.stuba.sk/zp/portal_zp.pl?podrobnosti=129084
Tags: Ajouter un tag
Pas de tags, Soyez le premier à ajouter un tag!

MARC

LEADER 00000ntm a22000003a 4500
001 stuzp56214
003 SK-STU
005 20160719154932.1
007 ta
008 150427s2015----xo-----f-mn---000-0-slo-d
040 |a STU  |b slo 
041 0 |a slo 
100 1 |a Agnerová, Simona  |u 064000  |4 aut  |U MTF Materiálovotechnologická fakulta  |T MTF Ústav priemyselného inžinierstva a manažmentu  |X 65496  |U M4000  |Y 84  |7 65496 
242 0 1 |a Proposal of measures to improve employees evaluation system in conditions of MONTOSTROJ a.s. company  |y eng 
245 1 0 |a Návrh opatrení na zlepšenie systému hodnotenia zamestnancov v podmienkach MONTOSTROJ a.s. 
260 |c 2016 
650 4 |a hodnotenie zamestnancov  |2 slo 
650 4 |a 360 stupňová spätná väzba  |2 slo 
650 4 |a hodnotiteľ  |2 slo 
650 4 |a hodnotený zamestnanec  |2 slo 
650 4 |a evaluation of employees  |2 eng 
650 4 |a 360 degree feedback  |2 eng 
650 4 |a evaluator  |2 eng 
650 4 |a employee who is evaluated  |2 eng 
700 1 |a Koltnerová, Kristína  |u 064000  |k Z1  |4 ths  |U MTF Materiálovotechnologická fakulta  |T MTF Ústav priemyselného inžinierstva a manažmentu  |X 32947  |U M4000  |Y 84  |7 A000032947 
856 4 |u http://is.stuba.sk/zp/portal_zp.pl?podrobnosti=129084 
996 |c M* BP-7756  |l MMSKP  |s P  |a 0  |w stuzp56214_0001 
SQL |a stuzp56214  |b DBP  |c SLO  |d Návrh opatrení na zlepšenie systému hodnotenia zamestnancov v podmienkach MONTOSTROJ a.s.  |e 65496  |f Agnerová, Simona  |g 064000  |h 32947  |i Koltnerová, Kristína  |j 20160622  |k 173  |l 06  |m http://is.stuba.sk/zp/portal_zp.pl?podrobnosti=129084  |n B-PPP  |o 5.2.52. priemyselné inžinierstvo